Special Issue: Who Belongs? Immigration, Citizenship, and the Constitution of Legality vol. 60

Bibliographic Details
Main Author: Sarat, Austin
Format: eBook
Language:English
Published: Bingley: Emerald Group Publishing Limited, 2013
Subjects:
Online Access:Acceso restringido

MARC

LEADER 00000nam a22000007a 4500
005 20210222223820.0
007 cr|||| ||||
008 210222s2013 us |||||s|||| 00||0 eng d
020 |a 978-1-78190-431-2 
035 |a 32023 
040 |a vLex 
090 |c 11201  |d 11201 
100 1 |a Sarat, Austin 
245 1 0 |a Special Issue: Who Belongs? Immigration, Citizenship, and the Constitution of Legality  |h [Recurso electrn̤ico] /  |c Austin Sarat  |n vol. 60 
256 |a Servicio en ln̕ea 
260 |a Bingley:  |b Emerald Group Publishing Limited,  |c 2013 
300 |a 1 recurso electrn̤ico 
506 1 |a Disponible solo en los productos indicados  |d vLex Global  |d vLex Global (Academic Edition, excluding Law Schools)  |d vLex Global (Academic Edition, Law Schools) 
650 0 4 |a Ciencias sociales  |z Estados Unidos 
740 0 |a vLex Libros (Servicio en ln̕ea) 
856 4 0 |u http://vlex.com/source/32023  |z Acceso restringido 
942 |c BOOK 
999 0 |a Social Sciences